| 000 | 00839cam a22002774a 4500 | ||
|---|---|---|---|
| 003 | UPN | ||
| 005 | 20240501063710.0 | ||
| 008 | 090210s2006 es r 000 f spa d | ||
| 020 | _a8466318550 | ||
| 035 | _aUPN01000169072 | ||
| 040 |
_aUPN _bspa _cUPN |
||
| 049 | _aCG | ||
| 050 | 4 |
_aPQ2627 E3 _bC84 |
|
| 100 | 1 |
_aMeersch, Maxence van der, _d1907-1951 _946433 |
|
| 245 | 1 | 0 |
_aCuerpos y almas / _cMaxence Van der Meersch ; traducción Salvador Marsal. |
| 260 |
_aMadrid : _bA. Michel, _c2006. |
||
| 300 | _a788 páginas | ||
| 490 | 0 |
_aPunto de lectura ; _v35.1 |
|
| 534 |
_pTítulo original: _tCorps et ámes |
||
| 650 | 4 |
_aNovela francesa _98238 |
|
| 650 | 4 |
_aMédicos _vNovela _98218 |
|
| 700 | 1 |
_aMarsal, Salvador, _d1906-1972 _etraductor _946546 |
|
| 902 | _bCarolina Alvarado/220922/M | ||
| 905 | _aLibro | ||
| 942 |
_2lcc _cLIBRO |
||
| 999 |
_c141178 _d141178 |
||